Mimetic reflections : (Record no. 6440)

MARC details
000 -LEADER
fixed length control field 01209cam a2200313 a 4500
001 - CONTROL NUMBER
control field 2929404
003 - CONTROL NUMBER IDENTIFIER
control field OSt
005 - DATE AND TIME OF LATEST TRANSACTION
control field 20200121124602.0
008 - FIXED-LENGTH DATA ELEMENTS--GENERAL INFORMATION
fixed length control field 890816s1990 nyu b 001 0 eng
010 ## - LIBRARY OF CONGRESS CONTROL NUMBER
LC control number 89085847
020 ## - INTERNATIONAL STANDARD BOOK NUMBER
International Standard Book Number 082321253X
020 ## - INTERNATIONAL STANDARD BOOK NUMBER
International Standard Book Number 0823212548 (pbk.)
040 ## - CATALOGING SOURCE
Original cataloging agency DLC
Transcribing agency DLC
Modifying agency DLC
082 00 - DEWEY DECIMAL CLASSIFICATION NUMBER
Classification number 121.686
Edition number 20
Item number SCH 1990
100 1# - MAIN ENTRY--PERSONAL NAME
Personal name Schweiker, William.
9 (RLIN) 13223
245 10 - TITLE STATEMENT
Title Mimetic reflections :
Remainder of title a study in hermeneutics, theology, and ethics /
Statement of responsibility, etc. by William Schweiker.
260 ## - PUBLICATION, DISTRIBUTION, ETC. (IMPRINT)
Place of publication, distribution, etc. New York :
Name of publisher, distributor, etc. Fordham University Press,
Date of publication, distribution, etc. 1990.
300 ## - PHYSICAL DESCRIPTION
Extent xiii, 267 p. ;
Dimensions 24 cm.
504 ## - BIBLIOGRAPHY, ETC. NOTE
Bibliography, etc Includes bibliographical references (p. [249]-263) and index.
650 #0 - SUBJECT ADDED ENTRY--TOPICAL TERM
Topical term or geographic name as entry element Imitation.
9 (RLIN) 13224
650 #0 - SUBJECT ADDED ENTRY--TOPICAL TERM
Topical term or geographic name as entry element Hermeneutics.
9 (RLIN) 13225
650 #0 - SUBJECT ADDED ENTRY--TOPICAL TERM
Topical term or geographic name as entry element Theology.
9 (RLIN) 13226
650 #0 - SUBJECT ADDED ENTRY--TOPICAL TERM
Topical term or geographic name as entry element Ethics.
9 (RLIN) 1778
856 42 - ELECTRONIC LOCATION AND ACCESS
Materials specified Publisher description
Uniform Resource Identifier <a href="http://www.loc.gov/catdir/enhancements/fy0730/89085847-d.html">http://www.loc.gov/catdir/enhancements/fy0730/89085847-d.html</a>
856 42 - ELECTRONIC LOCATION AND ACCESS
Materials specified Contributor biographical information
Uniform Resource Identifier <a href="http://www.loc.gov/catdir/enhancements/fy1102/89085847-b.html">http://www.loc.gov/catdir/enhancements/fy1102/89085847-b.html</a>
906 ## - LOCAL DATA ELEMENT F, LDF (RLIN)
a 7
b cbc
c orignew
d 2
e opcn
f 19
g y-gencatlg
942 ## - ADDED ENTRY ELEMENTS (KOHA)
Source of classification or shelving scheme Dewey Decimal Classification
Koha item type Open Shelf
Holdings
Withdrawn status Lost status Source of classification or shelving scheme Damaged status Not for loan Home library Current library Date acquired Inventory number Total Checkouts Full call number Barcode Date last seen Price effective from Koha item type
    Dewey Decimal Classification     MUST Main Library MUST Main Library 21/01/2020 2004/23039   121.686 SCH 1990 2020-0058 21/01/2020 21/01/2020 Open Shelf